Cases in Financial Management (Record no. 83348)

MARC details
000 -LEADER
fixed length control field 00436nam a22001697a 4500
003 - CONTROL NUMBER IDENTIFIER
control field URS
005 - DATE AND TIME OF LATEST TRANSACTION
control field 20250701172334.0
020 ## - INTERNATIONAL STANDARD BOOK NUMBER
International Standard Book Number 9789354793240
040 ## - CATALOGING SOURCE
Transcribing agency URS
050 ## - LIBRARY OF CONGRESS CALL NUMBER
Classification number HG 4028 J67 2022
100 ## - MAIN ENTRY--PERSONAL NAME
Personal name Joshipura, Mayank
Relator term Author
245 ## - TITLE STATEMENT
Title Cases in Financial Management
260 ## - PUBLICATION, DISTRIBUTION, ETC.
Place of publication, distribution, etc. New Delhi :
Name of publisher, distributor, etc. SAGE Publications Pvt. Ltd.,
Date of publication, distribution, etc. [2022]
300 ## - PHYSICAL DESCRIPTION
Extent 382 pages;
Dimensions 23 cm
700 ## - ADDED ENTRY--PERSONAL NAME
Personal name Mathur, Sachin
Relator term Author
942 ## - ADDED ENTRY ELEMENTS (KOHA)
Source of classification or shelving scheme Library of Congress Classification
Koha item type Foreign Books
Holdings
Withdrawn status Source of classification or shelving scheme Damaged status Not for loan Collection code Home library Current library Shelving location Date acquired Total Checkouts Full call number Barcode Date last seen Price effective from Koha item type
  Library of Congress Classification     Non-fiction Binangonan College Library Binangonan College Library Foreign Section 07/01/2025   HG 4028 J67 2022 URSBIN-03136 07/01/2025 07/01/2025 Foreign Books

University of Rizal System
Email us at univlibservices@urs.edu.ph

Visit our Website www.urs.edu.ph/library